000 00365nam a2200133Ia 4500
008 100328s9999 xx 000 0 und d
082 _b56002
100 _aपोंक्षे वंदना
245 _aअपराजिता
260 _bरविराज
630 _aअपराजिता
730 _aअपराजिता
942 _cBOOK
999 _c542595
_d542592